Responses for Show #8025 - Friday, June 28, 2019

2019 Teen Tournament final game 2.

Contestants

[<< previous game]

Ryan Presler, an eighth grader from Sioux Falls, South Dakota (subtotal of $15,999)

Lucas Miner, a junior from Miami, Florida (subtotal of $14,800)

Avi Gupta, a senior from Portland, Oregon (subtotal of $24,200)

[next game >>]

Jeopardy! Round responses

TAKING THE DRIVING TEST
ART SUPPLIES...
NEWER WORDS & PHRASES
HANGOUTS
FINISH THE CLASSIC AMERICAN LYRIC
"P"LACES ON THE MAP
    $200 1
the Department of Motor Vehicles

Avi
    $200 6
a caricature

Lucas
    $200 11
force quit

Avi
    $200 16
the library

Lucas
    $200 26
the deer and the antelope

Ryan
    $200 21
the Panama Canal

Avi
    $400 2
parallel parking

Avi
    $400 7
Jesus

Avi
    $400 12
a nothingburger

Avi
    $400 22
the beach

Avi
    $400 27
for amber waves of grain

Lucas
    $400 20
Pittsburgh

Avi
    $600 3
insurance

Avi
    $600 8
riding

Avi
    $600 13
(Avi: What is [*]?)
(Alex: Yeah, like mine.)
(Avi: Oh, no, Alex.)

a dad bod

Avi
    $600 23
Imagine Dragons

Avi
    $600 28
skies are gray

Lucas
    $1,000 17
(Lucas: What is Pearl Desert?)

the Painted Desert

Lucas
    $800 4
blind spots

Avi
    $800 9
Picasso

Ryan
    $800 14
cray-cray

Avi
    $800 24
Pac-Man

Lucas
    $800 29
a name I call myself

Lucas
    $800 19
Prince Edward Island

Avi
    $1000 5
right of way

Ryan
    $1000 10
the French and Indian War

Avi
    $1000 15
fake news

Avi
    $1000 25
Discord

Lucas
    $1000 30
(Avi: What is "I was lost"?)

you are lost and gone forever, oh my darling Clementine

Avi
Triple Stumper
    $1000 18
Pretoria

Ryan

Scores at the first commercial break (after clue 15):

Avi Lucas Ryan
$7,000 $200 $1,800

Scores at the end of the Jeopardy! Round:

Avi Lucas Ryan
$8,400 $3,000 $3,000

Double Jeopardy! Round responses

POETEENS
ROCKS & MINERALS
INTERNATIONAL SPORTS
IT'S TIME FOR TIME
EXPLORERS
DROP A LETTER
    $400 14
milk

Avi
    $400 26
ice

Lucas
    $400 6
Moscow

Ryan
    $400 1
[Lucas selected the first clue.]

a billion

Triple Stumper
    $400 17
(Lucas: Who is Leif Erikson?)

Erik the Red

LucasRyan
    $400 11
(Alex: From "feast".)

fast

Avi
    $800 22
Romanticism

Ryan
    $800 27
iron

Avi
    $800 7
Wimbledon

Ryan
    $800 2
50

Avi
    $800 18
Christopher Columbus

Lucas
    $800 12
quit

Ryan
    $1200 23
a poetry slam

Ryan
    $1200 28
clay

Ryan
    $1200 8
judo

Lucas
    $1200 3
30 days hath September

Triple Stumper
    $1200 19
(Avi: Who is Vasco da Gama?)

(Ferdinand) Magellan

AviRyan
    $1200 13
(Alex: From "terror".)

error

Lucas
    $1600 24
(Lucas: Who is Yeats?)

Dylan Thomas

Lucas
Triple Stumper
    $1600 29
silicon

Avi
    $1600 9
cross-country skiing

Avi
    $1600 4
(Avi: What is the orbit of the Earth?)
(Alex: That's--no.)
...
(Alex: You were close. It's not the orbit. [*].)

the rotation

Avi
Triple Stumper
    $4,000 20
Drake

Ryan
    $1600 15
a sigh

Ryan
    $2000 25
(Lucas: Who is Galileo?)

Copernicus

AviLucas
    $2000 30
cubic

Avi
    $2000 10
rugby

Avi
    $1,000 5
(Avi: I'm sure I'm gonna butcher the pronunciation, but what is [*]?)
(Alex: You pronounced it perfectly.)
(Avi: Oh, I did?)

circadian

Avi
    $2000 21
Machu Picchu

Ryan
    $2000 16
rigid

Lucas

Scores at the end of the Double Jeopardy! Round:

Avi Lucas Ryan
$18,200 $4,600 $17,400

[wagering suggestions for these scores]

Final Jeopardy! Round responses

PLACES OF LORE
LucasWhat is Camelot? All of the teens r awesome!
$4,600
RyanWhat is Camelot?
$9,002
AviWhat is Camelot? Contestants -y'all are gr8 Alex - you rock ☺
$8,400
Camelot

Final scores:

Avi Lucas Ryan
$26,600 $9,200 $26,402

Cumulative scores:

Avi Lucas Ryan
$50,800 $24,000 $42,401
Tournament champion: $100,000 2nd runner-up: $25,000 1st runner-up: $50,000

Game dynamics:

Coryat scores:

Avi Lucas Ryan
$19,200 $5,600 $15,000
27 R
(including 1 DD),
3 W
12 R,
4 W
(including 1 DD)
15 R
(including 1 DD),
0 W

Combined Coryat: $39,800

[game clues] [game scores] [suggest correction]

Game tape date: 2018-12-11
The J! Archive is created by fans, for fans. Scraping, republication, monetization, and malicious use prohibited; this site may use cookies and collect identifying information. See terms. The Jeopardy! game show and all elements thereof, including but not limited to copyright and trademark thereto, are the property of Jeopardy Productions, Inc. and are protected under law. This website is not affiliated with, sponsored by, or operated by Jeopardy Productions, Inc. Join the discussion at JBoard.tv.